LOTR - The Maiar - Statistics

General Stats
  • This quiz has been taken 94 times
  • The average score is 7 of 16
Answer Stats
Names % Correct
Olórin (Gandalf)
99%
Curumo (Saruman)
94%
Aiwendil (Radagast)
86%
Mairon (Sauron)
86%
Durin's Bane
60%
Melian
51%
Gothmog
43%
Eönwë
35%
Ossë
31%
Uinen
27%
Pallando (Rómestámo)
19%
Arien
17%
Tilion
17%
Ilmarë
14%
Alatar (Morinehtar)
12%
Salmar
12%
No matching quizzes found
Score Distribution
Percent of People with Each Score
Percentile by Number Answered
Your Score History
You have not taken this quiz